000 00739nam a2200229Ia 4500
008 191130s2000##################000#0#eng##
020 _a9781557986160
022 _a99037969
040 _aACL
_cACL
082 _a345.7304 PER
100 _aPerlin, Michael L
245 _aThe hidden prejudice : mental disability on trial
_cMichael L. Perlin
250 _a1st ed
260 _aWashington, DC
_bAmerican Psychological Association
_c2000
300 _axxv, 329 p. ; 27 cm. ; : alk. paper
500 _aIncludes bibliographical references and index
650 _aInsanity (Law) - United States
650 _aMental health laws - United States
990 _a304b2598ac10000c56f11ecd1e9db994
991 _a285572
999 _c52502
_d52502